Faktorenanalyse gekonnter Vorbereitung auf internationale Verhandlungsführung
Príspevok odráža kultúrnu aj komunikačnú schopnosť vyjednávačov v multikultúrnej obchodnej sfére. Cieľom je zamerať sa na rôzne aspekty prípravy, ktoré vyjednávači uskutočňujú pred rokovaniami, analyzovať faktory, ktoré priamo ovplyvňujú ich priebeh a ciele, a zdôrazniť medzikultúrnu a komunikačnú g...
Saved in:
| Main Author: | |
|---|---|
| Format: | Book Chapter |
| Language: | German |
| Subjects: | |
| Tags: |
No Tags, Be the first to tag this record!
|
MARC
| LEADER | 00000naa$a2200000$$$4500 | ||
|---|---|---|---|
| 001 | 0270642 | ||
| 005 | 20240502083815.0 | ||
| 041 | 0 | |a ger | |
| 044 | |a RU | ||
| 245 | 1 | 0 | |a Faktorenanalyse gekonnter Vorbereitung auf internationale Verhandlungsführung |c Milena Helmová |
| 520 | |a Príspevok odráža kultúrnu aj komunikačnú schopnosť vyjednávačov v multikultúrnej obchodnej sfére. Cieľom je zamerať sa na rôzne aspekty prípravy, ktoré vyjednávači uskutočňujú pred rokovaniami, analyzovať faktory, ktoré priamo ovplyvňujú ich priebeh a ciele, a zdôrazniť medzikultúrnu a komunikačnú gramotnosť obchodných partnerov. | ||
| 610 | 2 | 0 | |a analýza faktorová |
| 610 | 2 | 0 | |a komunikácia |
| 610 | 2 | 0 | |a jazyk štátny |
| 610 | 2 | 0 | |a kultúra |
| 610 | 2 | 0 | |a vyjednávanie |
| 100 | 1 | |a Helmová, Milena, 1954- | |